00973 2200325 4500001002100000005001500021035002000036007000300056008004100059020002200100082001500122084001700137100002800154245008900182250002600271300003100297650001900328700002900347264002900376336002100405337003000426338002300456040002200479090002200501850001200523999002200535041001300557546005500570990002200625INLIS00000000088679620240528080514 a0010-0524000627ta240522s2023 yoi d a978-623-8091-49-204223a297.65 a297.65 IDH m0 aIdham CholidePengarang10aMenebar kebajikan mewujudkan kemaslahatan /cIdham Cholid; penyunting, Tsabit Latief aCetakan pertama, 2023 axxvi, 338 halaman ;c20 cm 4aNahdatul Ulama0 aTsabit LatiefePengarang31aBantul :bBildung,c2023 2rdacontentateks 2rdamediaatanpa perantara 2rdacarrieravolume aYOPDYOGbinderda aCB-D.11 2023-5082 aYOPDYOG aCB-D.11/2023-5082 aindgara ateks terdiri dari bahasa Indonesia dan bahasa Arab aCB-D.11/2023-5082